000 00965nam a2200289Ia 4500
003 OSt
005 20250610102145.0
008 210716s2004 xx 000 0 und d
020 _a8126505230
040 _cAIMIT LIBRARY
041 _aeng
082 _a005.7402
_21
_bTURP
100 _aTurley, Paul.
_9213437
245 _aProfessional sql server reporting services /
_cBy Paul Turley ...[et.al.].
250 _a1
260 _aNew Delhi ;
_bWiley Publishing Inc ,
_c2004.
300 _axxvii,585,8 p.;
_bPB
_c25 cm.
650 _aGetting started with reporting services
_9213438
650 _aReporting services architecture
_9213859
650 _aAdvanced report design
_9213860
700 _aReporting services architecture
_9213439
700 _aDesigning reports
_9213440
700 _aAdvanced report design
_9213441
700 _aReport scripting
_9213442
700 _aReport definition language
_9213443
942 _2ddc
_cBK
_e1st
_k005.7402 TURP
999 _c186925
_d186925